[Event "9 ème open de Salon de Provence - A"]
[Site "Salon de Provence"]
[Date "2017.07.07"]
[Round "1.7"]
[White "Kolb, Sebastien"]
[Black "Hmamouche, Youssef"]
[Result "1-0"]
[WhiteElo "2030"]
[BlackElo "1823"]
[PlyCount "103"]
[EventDate "2017.??.??"]
[WhiteTeam "Salon Nostradamus"]
[BlackTeam "L'Echiquier du Roy René"]

1. e4 c5 2. Nf3 d6 3. d4 cxd4 4. Nxd4 Nf6 5. Nc3 a6 6. Bg5 e6 7. f4 Be7 8. Qf3
Qc7 9. O-O-O h6 10. Bh4 Bd7 11. e5 dxe5 12. fxe5 Nh7 13. Bxe7 Kxe7 14. Qg3 Nc6
15. Qxg7 Nxd4 16. Rxd4 Rag8 17. Qxh6 Qxe5 18. Qf4 Qxf4+ 19. Rxf4 Bc6 20. Rf2
Nf6 21. h3 Nh5 22. Rh2 Ng3 23. Bd3 Rh4 24. Ne2 f5 25. Kd2 Nxe2 26. Bxe2 Rg3 27.
Bf3 Bxf3 28. Rxf3 Rxf3 29. gxf3 f4 30. Kd3 Kd6 31. Ke4 b5 32. c3 a5 33. b3 e5
34. Rd2+ Ke6 35. Rd5 Rxh3 36. Rxe5+ Kd6 37. Rxb5 a4 38. bxa4 Rh2 39. Kxf4 Rh4+
40. Kg5 Rxa4 41. f4 Rxa2 42. c4 Rc2 43. Rd5+ Ke7 44. c5 Rg2+ 45. Kf5 Rc2 46.
Re5+ Kf7 47. Ke4 Rc4+ 48. Kd5 Rxf4 49. c6 Rf1 50. c7 Rc1 51. Kd6 Kf6 52. Rc5
1-0

[Event "9 ème open de Salon de Provence - A"]
[Site "Salon de Provence"]
[Date "2017.07.07"]
[Round "1.1"]
[White "Gozzoli, Yannick"]
[Black "Goy, Wilfried"]
[Result "1-0"]
[WhiteElo "2587"]
[BlackElo "1930"]
[PlyCount "49"]
[EventDate "2017.??.??"]
[WhiteTeam "Asnières - Le Grand Echiquier"]
[BlackTeam "Marseille-Echecs"]

1. d4 d5 2. Nf3 Nf6 3. c4 e6 4. Nc3 c6 5. g3 Be7 6. Bg2 Nbd7 7. O-O O-O 8. Qb3
Qb6 9. Qa4 Re8 10. c5 Qd8 11. Bf4 Nf8 12. b4 Nh5 13. Bd2 Ng6 14. e4 dxe4 15.
Nxe4 Nf6 16. Rfe1 a6 17. h4 Nd5 18. h5 Nf8 19. Ne5 Bd7 20. Qb3 f6 21. Nc4 Qc7
22. Nc3 Rad8 23. Nxd5 exd5 24. Bf4 dxc4 25. Qxc4+ 1-0

[Event "9 ème open de Salon de Provence - A"]
[Site "Salon de Provence"]
[Date "2017.07.07"]
[Round "1.2"]
[White "Hernandez, Lara"]
[Black "Petrosyan, Armen"]
[Result "0-1"]
[WhiteElo "1919"]
[BlackElo "2431"]
[PlyCount "68"]
[EventDate "2017.??.??"]
[WhiteTeam "Echiquier Carcassonnais "]
[BlackTeam "Marseille Passion Echecs"]

1. e4 e5 2. Nf3 Nc6 3. Bc4 Nf6 4. d3 Bc5 5. O-O d6 6. a4 h6 7. c3 a6 8. Na3 O-O
9. Nc2 Be6 10. Bxe6 fxe6 11. b4 Ba7 12. Be3 Qe8 13. b5 Ne7 14. Bxa7 Rxa7 15.
bxa6 bxa6 16. a5 Rb7 17. Ne3 Qc6 18. Qc2 Rfb8 19. Ra2 Ng6 20. c4 Rb4 21. g3 Qb7
22. Kg2 c5 23. h4 Rb2 24. Rxb2 Qxb2 25. Qxb2 Rxb2 26. Ra1 Ne7 27. Ra3 Nc6 28.
Nd1 Rc2 29. Nc3 Nb4 30. Nb5 Ng4 31. Nxd6 Rxf2+ 32. Kh3 h5 33. d4 exd4 34. e5 d3
0-1

[Event "9 ème open de Salon de Provence - A"]
[Site "Salon de Provence"]
[Date "2017.07.07"]
[Round "1.3"]
[White "Chakravarthi Reddy, M."]
[Black "Busson, Benoist"]
[Result "1-0"]
[WhiteElo "2421"]
[BlackElo "1898"]
[PlyCount "77"]
[EventDate "2017.??.??"]
[BlackTeam "Salon Nostradamus"]

1. c4 e5 2. Nc3 Nc6 3. g3 f5 4. Bg2 Nf6 5. d3 Bb4 6. Bd2 Bxc3 7. Bxc3 d6 8. Nf3
O-O 9. O-O Qe8 10. b4 Qh5 11. b5 Nd8 12. e3 Ne6 13. Nh4 Qxd1 14. Rfxd1 Nc5 15.
d4 Na4 16. Bb4 Nb2 17. Rd2 Nxc4 18. Rc2 Nb6 19. dxe5 Nfd5 20. Ba3 a6 21. exd6
axb5 22. d7 Rxa3 23. dxc8=Q Rxc8 24. Nxf5 Rca8 25. e4 Nc3 26. e5 Nbd5 27. e6 g6
28. Bxd5 Nxd5 29. Rd1 c6 30. Nd6 Rxa2 31. Rxa2 Rxa2 32. Rxd5 cxd5 33. e7 Ra1+
34. Kg2 Re1 35. e8=Q+ Rxe8 36. Nxe8 b4 37. Nc7 d4 38. Nb5 b3 39. Kf3 1-0

[Event "9 ème open de Salon de Provence - A"]
[Site "Salon de Provence"]
[Date "2017.07.07"]
[Round "1.4"]
[White "Grego, Pierre"]
[Black "Lamard, Guillaume"]
[Result "0-1"]
[WhiteElo "1878"]
[BlackElo "2365"]
[PlyCount "60"]
[EventDate "2017.??.??"]
[WhiteTeam "Echiquier Saint Franciscain"]
[BlackTeam "Cannes Echecs"]

1. e4 Nc6 2. Nc3 d6 3. Nf3 g6 4. g3 Bg7 5. Bg2 e5 6. d3 Nge7 7. Bg5 h6 8. Be3
Nd4 9. h3 c5 10. Ne2 Qb6 11. Rb1 Be6 12. c3 Nxe2 13. Kxe2 O-O 14. c4 f5 15. b3
g5 16. Bd2 Nc6 17. Be3 Rf7 18. Qd2 fxe4 19. dxe4 Raf8 20. Rbf1 Qa6 21. Ne1 b5
22. cxb5 Qxb5+ 23. Kd1 c4 24. b4 a5 25. a3 Nd4 26. Nc2 Qa4 27. Bxd4 exd4 28.
Ke1 d3 29. Ne3 Qxa3 30. Nd1 c3 0-1

[Event "9 ème open de Salon de Provence - A"]
[Site "Salon de Provence"]
[Date "2017.07.07"]
[Round "1.5"]
[White "Barbaras, Mathieu"]
[Black "Bohli, Adam"]
[Result "1/2-1/2"]
[WhiteElo "2225"]
[BlackElo "1866"]
[PlyCount "44"]
[EventDate "2017.??.??"]
[WhiteTeam "Bischwiller"]
[BlackTeam "L'Echiquier du Roy René"]

1. d4 g6 2. Nf3 Nf6 3. c4 Bg7 4. g3 O-O 5. Bg2 d5 6. cxd5 Na6 7. O-O Nxd5 8. e4
Nb6 9. Nc3 c5 10. d5 e6 11. Bg5 f6 12. Be3 Nc4 13. Bc1 Qb6 14. Qe2 Nd6 15. Rd1
e5 16. Nd2 Bd7 17. Nc4 Nxc4 18. Qxc4 Qb4 19. Bf1 Bg4 20. Re1 Qxc4 21. Bxc4 Nb4
22. Rf1 Bh3 1/2-1/2

[Event "9 ème open de Salon de Provence - A"]
[Site "Salon de Provence"]
[Date "2017.07.07"]
[Round "1.6"]
[White "Canonge, Jerome"]
[Black "Baroyan, Davit"]
[Result "0-1"]
[WhiteElo "1845"]
[BlackElo "2049"]
[PlyCount "50"]
[EventDate "2017.??.??"]
[WhiteTeam "Vergèze Echecs"]
[BlackTeam "Marseille-Echecs"]

1. d4 Nf6 2. Bg5 Ne4 3. Bf4 d5 4. f3 Nf6 5. e4 c5 6. Nc3 Nc6 7. Nb5 Qa5+ 8. c3
e5 9. Bxe5 cxd4 10. Bc7 b6 11. Nxd4 Nxd4 12. Qxd4 Bc5 13. Qe5+ Be6 14. exd5
Nxd5 15. Qxg7 Kd7 16. Be5 Rhg8 17. Qxh7 Rg6 18. Bc4 Ne3 19. Bxe6+ Kxe6 20. Ne2
Nxg2+ 21. Kd2 Be3+ 22. Kc2 Qxe5 23. Ng3 Rh8 24. f4 Bxf4 25. Rhe1 Nxe1+ 0-1

[Event "9 ème open de Salon de Provence - A"]
[Site "Salon de Provence"]
[Date "2017.07.07"]
[Round "1.8"]
[White "Madranges, Jean"]
[Black "Faure, Alexandre"]
[Result "1/2-1/2"]
[WhiteElo "1809"]
[BlackElo "2027"]
[PlyCount "91"]
[EventDate "2017.??.??"]
[WhiteTeam "Puy Ste Réparade"]
[BlackTeam "Salon Nostradamus"]

1. d4 d5 2. Bf4 Nf6 3. e3 c5 4. c3 Nc6 5. Nd2 e6 6. Bd3 Bd6 7. Bg3 O-O 8. Ngf3
c4 9. Bc2 Qc7 10. e4 Nd7 11. e5 Be7 12. h4 b5 13. Bxh7+ Kxh7 14. Ng5+ Kg6 15.
Qg4 Ndxe5 16. dxe5 Nxe5 17. Nxe6+ Nxg4 18. Nxc7 Rb8 19. Nxd5 Rb7 20. O-O-O Rd8
21. Nxe7+ Rxe7 22. Nf3 Rxd1+ 23. Rxd1 Bb7 24. Rd4 Bxf3 25. gxf3 Ne5 26. Bxe5
Rxe5 27. Rd7 Rf5 28. Rxa7 Rxf3 29. a4 Rxf2 30. axb5 Rf5 31. Rc7 Rxb5 32. Rxc4
Kf5 33. b4 g5 34. hxg5 Kxg5 35. Kd2 f5 36. Ke3 Rb6 37. Rc5 Kg4 38. b5 f4+ 39.
Kf2 Rd6 40. Rc6 Rd2+ 41. Ke1 Rb2 42. b6 f3 43. Rg6+ Kf4 44. c4 Ke3 45. Re6+ Kd4
46. Rf6 1/2-1/2

[Event "9 ème open de Salon de Provence - A"]
[Site "Salon de Provence"]
[Date "2017.07.07"]
[Round "1.9"]
[White "Versporten, Wim"]
[Black "Lauret, Patrick"]
[Result "1-0"]
[WhiteElo "2019"]
[BlackElo "1777"]
[PlyCount "71"]
[EventDate "2017.??.??"]
[BlackTeam "Club d'Echecs de Meyreuil"]

1. d4 Nf6 2. Bf4 e6 3. e3 d5 4. Bd3 h6 5. Nc3 a6 6. e4 dxe4 7. Nxe4 Nbd7 8. Nf3
Nxe4 9. Bxe4 Nf6 10. Bd3 Bd6 11. Ne5 c5 12. dxc5 Qa5+ 13. c3 Qxc5 14. Qe2 Nd5
15. Bd2 Nf6 16. f4 O-O 17. Be3 Qc7 18. Bd4 b5 19. O-O Bb7 20. c4 Bc5 21. Bxc5
Qxc5+ 22. Kh1 bxc4 23. Bxc4 Qe7 24. Rad1 Rfd8 25. Rxd8+ Qxd8 26. Nxf7 Qa5 27.
Nxh6+ gxh6 28. Qxe6+ Kh7 29. Qf7+ Kh8 30. Qxf6+ Kh7 31. Bd3+ Kg8 32. Qg6+ Kf8
33. Qxh6+ Ke8 34. Qe6+ Kd8 35. Qd6+ Ke8 36. Bg6# 1-0

[Event "9 ème open de Salon de Provence - A"]
[Site "Salon de Provence"]
[Date "2017.07.07"]
[Round "1.10"]
[White "Piat, Jean-Pascal"]
[Black "Wurtz, Guillaume"]
[Result "0-1"]
[WhiteElo "1729"]
[BlackElo "2014"]
[PlyCount "111"]
[EventDate "2017.??.??"]
[WhiteTeam "Cheval Marin d'Istres-Fos"]
[BlackTeam "Bischwiller"]

1. d4 Nf6 2. Nc3 d5 3. e4 dxe4 4. f3 exf3 5. Nxf3 Bg4 6. Bc4 e6 7. O-O c6 8.
Bg5 Be7 9. Qd2 Nbd7 10. Bb3 h6 11. Be3 Qc7 12. Bf4 Bd6 13. Bxd6 Qxd6 14. Rae1
Bxf3 15. Rxf3 O-O-O 16. Ne2 Kb8 17. c4 c5 18. Rd3 cxd4 19. Rxd4 Qb6 20. Kh1 Nc5
21. Qf4+ Qc7 22. Red1 Qxf4 23. Nxf4 Kc7 24. Bc2 Rxd4 25. Rxd4 a5 26. Kg1 Kc6
27. Ne2 Re8 28. Nc3 Re7 29. Bd1 Rd7 30. Bf3+ Kb6 31. Rxd7 Nfxd7 32. Be2 Ne5 33.
Kf1 a4 34. a3 Ka5 35. Nd1 Ne4 36. Ke1 Kb6 37. Nc3 Nxc3 38. bxc3 Kc5 39. Bd1
Nxc4 40. Bxa4 b5 41. Bb3 Nxa3 42. Ke2 Nc4 43. Kd3 f5 44. Ke2 e5 45. h4 g5 46.
Bc2 Nd6 47. hxg5 h5 48. Bb3 e4 49. Be6 f4 50. Bg8 Kb6 51. Bd5 Kc7 52. Kd2 Kd7
53. Ke2 Ke7 54. Kf2 Kf8 55. Ke2 Ke7 56. Bg8 0-1

[Event "9 ème open de Salon de Provence - A"]
[Site "Salon de Provence"]
[Date "2017.07.07"]
[Round "1.11"]
[White "Jackson, Thomas"]
[Black "Bartolomei, Romain"]
[Result "1-0"]
[WhiteElo "2007"]
[BlackElo "1720"]
[PlyCount "47"]
[EventDate "2017.??.??"]
[WhiteTeam "Thomas Bourgneuf - Creteil"]
[BlackTeam "Marseille Passion Echecs"]

1. d4 Nf6 2. c4 g6 3. Nc3 d5 4. Nf3 Bg7 5. h4 O-O 6. Bg5 h6 7. Bxf6 Bxf6 8.
Nxd5 Bg7 9. e3 c5 10. Nc3 cxd4 11. Nxd4 Qb6 12. Qd2 Rd8 13. Nd5 Qd6 14. Rd1 a6
15. Be2 b5 16. Bf3 Ra7 17. cxb5 e5 18. Nc6 Nxc6 19. bxc6 Re8 20. Qc2 Qf8 21.
O-O f5 22. Qb3 Be6 23. Qb6 Rf7 24. Nc7 1-0

[Event "9 ème open de Salon de Provence - A"]
[Site "Salon de Provence"]
[Date "2017.07.07"]
[Round "1.12"]
[White "Got, Lionel"]
[Black "Adnan, Habib"]
[Result "0-1"]
[WhiteElo "1717"]
[BlackElo "2003"]
[PlyCount "65"]
[EventDate "2017.??.??"]
[WhiteTeam "Club Provence Echecs"]

1. e4 c5 2. Nf3 e6 3. d4 cxd4 4. Nxd4 Nc6 5. Nb5 d6 6. Bf4 e5 7. Be3 a6 8. N5a3
b5 9. c3 Nf6 10. Nd2 Ng4 11. Nc2 Nxe3 12. Nxe3 Be6 13. Be2 g6 14. O-O Bg7 15.
a4 Rb8 16. Nf3 O-O 17. b4 f5 18. exf5 gxf5 19. h4 h6 20. g3 d5 21. axb5 axb5
22. Ra6 Qd7 23. Nc2 Qb7 24. Ra1 Rbd8 25. Qc1 d4 26. cxd4 e4 27. Nh2 Rxd4 28.
Nxd4 Nxd4 29. Bd1 Bc4 30. Re1 Qe7 31. Qa3 Nc6 32. Rb1 Nd4 33. Nf1 0-1

[Event "9 ème open de Salon de Provence - A"]
[Site "Salon de Provence"]
[Date "2017.07.07"]
[Round "1.13"]
[White "Marazanof, Jean-Francois"]
[Black "Jackson, Edgar"]
[Result "1-0"]
[WhiteElo "2002"]
[BlackElo "1703"]
[PlyCount "71"]
[EventDate "2017.??.??"]
[WhiteTeam "l'Echiquier de La Ville Montreuil"]
[BlackTeam "Echiquier Montois"]

1. e4 c5 2. Nf3 e6 3. d4 cxd4 4. Nxd4 Nc6 5. Nc3 Qc7 6. g3 a6 7. Bg2 Nf6 8. O-O
Be7 9. Nb3 d6 10. f4 h5 11. h3 Qb6+ 12. Kh1 Ng4 13. Qe2 Bf6 14. Bf3 Bxc3 15.
bxc3 e5 16. f5 Nf6 17. Ba3 Ke7 18. c4 Nd7 19. Rad1 Rh6 20. Bc1 Rh8 21. Be3 Qb4
22. a3 Qxa3 23. Ra1 Qb4 24. Rab1 Qc3 25. Rbd1 Nb4 26. Bd2 Qxc2 27. Bxb4 Qxb3
28. Rb1 Nc5 29. Rxb3 Nxb3 30. Qd3 Nd4 31. c5 Bd7 32. cxd6+ Kf6 33. Bd2 Bb5 34.
Qe3 Nxf3 35. Qxf3 Rac8 36. h4 1-0

[Event "9 ème open de Salon de Provence - A"]
[Site "Salon de Provence"]
[Date "2017.07.07"]
[Round "1.14"]
[White "Boghossian, Hugo"]
[Black "Benavides, Jeremy"]
[Result "0-1"]
[WhiteElo "1588"]
[BlackElo "1954"]
[PlyCount "120"]
[EventDate "2017.??.??"]
[WhiteTeam "CE Vitrolles"]
[BlackTeam "Salon Nostradamus"]

1. e4 c5 2. Nc3 d6 3. Nf3 Nf6 4. Bc4 e6 5. O-O a6 6. a4 Be7 7. d3 Nc6 8. Qe2
O-O 9. e5 dxe5 10. Nxe5 Nd4 11. Qd1 Nd7 12. Nf3 Nb6 13. Nxd4 cxd4 14. Ne2 Bf6
15. Bb3 Qd6 16. Ng3 Be5 17. Ne4 Qc7 18. Qh5 Nd7 19. f4 g6 20. Qh4 Bg7 21. Ng5
Nf6 22. f5 exf5 23. Bf4 Qd8 24. Be5 h6 25. Nf3 Ng4 26. Qxd8 Rxd8 27. Bxg7 Kxg7
28. Rae1 Ne3 29. Rf2 Be6 30. Bxe6 fxe6 31. Nxd4 Rxd4 32. Rxe3 Kf6 33. Rfe2 Re8
34. b3 Rd6 35. Re5 Rc8 36. d4 Rc3 37. Kf2 Rdc6 38. Kf1 Rxc2 39. Rxe6+ Rxe6 40.
Rxc2 Re3 41. b4 Rb3 42. Rc4 Ke6 43. b5 axb5 44. axb5 Rxb5 45. Rc7 Rb2 46. Rg7
Kf6 47. Rh7 h5 48. d5 Ke5 49. Rd7 b5 50. d6 b4 51. Rb7 Kxd6 52. Rb6+ Kc5 53.
Rxg6 Rd2 54. Rg5 b3 55. Rxf5+ Kc4 56. Rf8 b2 57. Rc8+ Kd3 58. Rd8+ Kc2 59. Rc8+
Kd1 60. Re8 b1=Q 0-1

[Event "9 ème open de Salon de Provence - A"]
[Site "Salon de Provence"]
[Date "2017.07.07"]
[Round "5.1"]
[White "Lamard, Guillaume"]
[Black "Gozzoli, Yannick"]
[Result "1/2-1/2"]
[WhiteElo "2365"]
[BlackElo "2587"]
[PlyCount "55"]
[EventDate "2017.??.??"]
[WhiteTeam "Cannes Echecs"]
[BlackTeam "Asnières - Le Grand Echiquier"]

1. e4 e5 2. Nf3 Nc6 3. Bb5 a6 4. Ba4 Nf6 5. O-O Be7 6. d3 b5 7. Bb3 d6 8. a3
O-O 9. Nc3 Na5 10. Ba2 Be6 11. b4 Bxa2 12. Rxa2 Nc6 13. Bg5 Qd7 14. Bxf6 Bxf6
15. Nd5 Bd8 16. a4 Ne7 17. Qd2 Nxd5 18. exd5 Rb8 19. axb5 axb5 20. Qc3 Re8 21.
Ra7 e4 22. dxe4 Rxe4 23. Nd4 Bf6 24. Qc6 Qe8 (24... Qd8 $1 25. Nxb5 Rb6 $1 26.
Ra8 Rxc6 27. Rxd8+ Bxd8 28. dxc6 Rxb4) 25. Qxe8+ Rbxe8 (25... Rexe8) 26. Nc6 (
26. Nxb5 Rxb4 27. Nxc7 Rc8) 26... Bc3 27. Rxc7 Bxb4 28. Nxb4 1/2-1/2

[Event "9 ème open de Salon de Provence - A"]
[Site "Salon de Provence"]
[Date "2017.07.07"]
[Round "5.2"]
[White "Barbaras, Mathieu"]
[Black "Petrosyan, Armen"]
[Result "0-1"]
[WhiteElo "2225"]
[BlackElo "2431"]
[PlyCount "64"]
[EventDate "2017.??.??"]
[WhiteTeam "Bischwiller"]
[BlackTeam "Marseille Passion Echecs"]

1. d4 Nf6 2. Nf3 e6 3. c4 c5 4. d5 b5 5. dxe6 fxe6 6. cxb5 a6 7. bxa6 Bxa6 8.
g3 Nc6 9. Bh3 Be7 10. O-O O-O 11. Nc3 Qe8 12. Re1 Qh5 13. Bg2 d5 14. Bg5 h6 15.
Bxf6 Bxf6 16. Rc1 Kh8 17. e4 d4 18. Na4 Be7 19. e5 Nb4 20. Nxd4 Qxd1 21. Rexd1
cxd4 22. Bxa8 Rxa8 23. Rxd4 Nd3 24. Rc7 Nxe5 25. Kg2 Bd8 26. Rxd8+ Rxd8 27. Nc5
Bc4 28. Nb7 Rd1 29. g4 Bd5+ 30. Kg3 Rd3+ 31. Kh4 Ng6+ 32. Kh5 Nf4+ 0-1

[Event "9 ème open de Salon de Provence - A"]
[Site "Salon de Provence"]
[Date "2017.07.07"]
[Round "5.3"]
[White "Jackson, Thomas"]
[Black "Adnan, Habib"]
[Result "1/2-1/2"]
[WhiteElo "2007"]
[BlackElo "2003"]
[PlyCount "117"]
[EventDate "2017.??.??"]
[WhiteTeam "Thomas Bourgneuf - Creteil"]

1. d4 Nf6 2. Bg5 d5 3. Bxf6 gxf6 4. c4 dxc4 5. e3 c5 6. Bxc4 cxd4 7. exd4 Nc6
8. Qh5 Qa5+ 9. Qxa5 Nxa5 10. Bd3 Nc6 11. Ne2 Bg4 12. Nbc3 O-O-O 13. f3 Bh5 14.
O-O-O Bh6+ 15. Kb1 Nb4 16. Be4 Bg6 17. f4 Bxe4+ 18. Nxe4 Nd5 19. g3 b6 20. N2c3
f5 21. Nxd5 Rxd5 22. Nc3 Rd7 23. Kc2 Bg7 24. d5 h5 25. h4 a6 26. Rhe1 Bf6 27.
Rd3 Kb7 28. a4 Rc8 29. Kb3 Rc5 30. Red1 b5 31. axb5 axb5 32. Ne2 Kb6 33. Ng1
Rc4 34. Nf3 Kc5 35. Ne5 Bxe5 36. fxe5 Rb4+ 37. Kc2 Re4 38. Rc3+ Kb4 39. d6 Rxe5
40. dxe7 Rxd1 41. Kxd1 Rxe7 42. Kd2 Re5 43. Rf3 Kc4 44. Rc3+ Kb4 45. Rf3 Rd5+
46. Kc2 Rc5+ 47. Kd1 Kc4 48. Kd2 Kd5 49. Rf4 Ke5 50. Rb4 f6 51. Kd3 Rd5+ 52.
Ke3 Kd6 53. Rf4 Kc5 54. Ke2 Re5+ 55. Kd3 Kd6 56. Rb4 Rd5+ 57. Ke2 Ke5 58. Ke3
Rc5 59. Kd3 1/2-1/2

[Event "9 ème open de Salon de Provence - A"]
[Site "Salon de Provence"]
[Date "2017.07.07"]
[Round "5.4"]
[White "Chakravarthi Reddy, M."]
[Black "Baroyan, Davit"]
[Result "1-0"]
[WhiteElo "2421"]
[BlackElo "2049"]
[PlyCount "91"]
[EventDate "2017.??.??"]
[BlackTeam "Marseille-Echecs"]

1. c4 e5 2. Nc3 Nc6 3. g3 a6 4. Bg2 Bc5 5. e3 Ba7 6. Nge2 d6 7. O-O h5 8. Nd5
h4 9. b4 Nce7 10. Nxe7 Nxe7 11. d4 Ng6 12. c5 Qe7 13. Nc3 c6 14. d5 dxc5 15.
dxc6 O-O 16. Nd5 Qd6 17. Ba3 bxc6 18. bxc5 Bxc5 19. Bxc5 Qxc5 20. Rc1 Qa5 21.
Rxc6 Ra7 22. Qc2 Bg4 23. h3 Be6 24. Nc7 Qxa2 25. Qc5 Rb7 26. Nxe6 fxe6 27. Rxe6
Rb5 28. Qc6 Nh8 29. Rd6 hxg3 30. Bd5+ Rxd5 31. Qxd5+ Qxd5 32. Rxd5 gxf2+ 33.
Rxf2 Rxf2 34. Kxf2 Nf7 35. Ra5 Kf8 36. Rxa6 Ke7 37. Rg6 Kf8 38. Kf3 Kg8 39. Kg4
Kh7 40. Re6 g6 41. h4 Kg7 42. h5 gxh5+ 43. Kxh5 Kh7 44. Kg4 Kg7 45. Kf5 Kf8 46.
Kg6 1-0

[Event "9 ème open de Salon de Provence - A"]
[Site "Salon de Provence"]
[Date "2017.07.07"]
[Round "5.5"]
[White "Canonge, Jerome"]
[Black "Hmamouche, Youssef"]
[Result "0-1"]
[WhiteElo "1845"]
[BlackElo "1823"]
[PlyCount "62"]
[EventDate "2017.??.??"]
[WhiteTeam "Vergèze Echecs"]
[BlackTeam "L'Echiquier du Roy René"]

1. d4 Nf6 2. Bg5 g6 3. Nf3 Bg7 4. e3 d6 5. Bd3 O-O 6. Nbd2 Qe8 7. c3 e5 8. Qc2
a5 9. O-O b6 10. c4 Bb7 11. d5 Na6 12. Bxf6 Bxf6 13. Ne4 Bg7 14. Nfg5 Nb4 15.
Qd2 Nxd3 16. Qxd3 h6 17. Nh3 Bc8 18. f4 Bxh3 19. gxh3 exf4 20. exf4 f5 21. Nc3
Qf7 22. Rf2 Rae8 23. Rg2 Re7 24. Kh1 Rfe8 25. Qg3 Kh7 26. Rag1 Bd4 27. Rc1 Qf6
28. Nb5 Bc5 29. h4 Re3 30. Qf2 Qe7 31. Rg3 Qe4+ 0-1

[Event "9 ème open de Salon de Provence - A"]
[Site "Salon de Provence"]
[Date "2017.07.07"]
[Round "5.6"]
[White "Benavides, Jeremy"]
[Black "Wurtz, Guillaume"]
[Result "1/2-1/2"]
[WhiteElo "1954"]
[BlackElo "2014"]
[PlyCount "111"]
[EventDate "2017.??.??"]
[WhiteTeam "Salon Nostradamus"]
[BlackTeam "Bischwiller"]

1. e4 c5 2. Nf3 g6 3. d4 cxd4 4. c3 d3 5. Bxd3 Nc6 6. c4 Bg7 7. Nc3 d6 8. h3
Nf6 9. O-O O-O 10. Re1 Nd7 11. Bg5 Nc5 12. Bf1 b6 13. Rc1 Bb7 14. Qd2 Re8 15.
Nd5 Ne6 16. Be3 Rc8 17. b4 Ne5 18. Nd4 Nxd4 19. Bxd4 e6 20. Ne3 Bxe4 21. f4 Nd7
22. Bxg7 Kxg7 23. Qxd6 e5 24. Rcd1 exf4 25. Qxd7 fxe3 26. Rxe3 Bf5 27. Rxe8
Qxd7 28. Rxd7 Bxd7 29. Rxc8 Bxc8 30. Kf2 Kf6 31. Ke3 Ke5 32. g3 Bb7 33. h4 f5
34. Bd3 h6 35. a4 g5 36. hxg5 hxg5 37. a5 f4+ 38. gxf4+ gxf4+ 39. Kd2 bxa5 40.
bxa5 Kd4 41. c5 Bc6 42. Bf1 Kxc5 43. Kc3 Bb5 44. Bg2 Ba6 45. Bf3 Kb5 46. Kd4
Kxa5 47. Ke5 Kb4 48. Kxf4 Bc4 49. Ke3 Kc3 50. Bc6 a6 51. Ba4 Bb5 52. Bd1 a5 53.
Ke4 Bc4 54. Ba4 Bd3+ 55. Ke3 Kb4 56. Kxd3 1/2-1/2

[Event "9 ème open de Salon de Provence - A"]
[Site "Salon de Provence"]
[Date "2017.07.07"]
[Round "5.7"]
[White "Hernandez, Lara"]
[Black "Kolb, Sebastien"]
[Result "1/2-1/2"]
[WhiteElo "1919"]
[BlackElo "2030"]
[PlyCount "91"]
[EventDate "2017.??.??"]
[WhiteTeam "Echiquier Carcassonnais "]
[BlackTeam "Salon Nostradamus"]

1. e4 c5 2. Nf3 Nc6 3. Bb5 Nf6 4. Bxc6 dxc6 5. d3 g6 6. O-O Bg7 7. h3 O-O 8.
Nc3 e5 9. Nxe5 Nxe4 10. Nxe4 Bxe5 11. Nxc5 f5 12. c3 Qf6 13. d4 Bd6 14. Bh6
Bxc5 15. dxc5 Rd8 16. Qc1 Rd5 17. Re1 Be6 18. Qe3 Re8 19. Re2 Qd8 20. Rae1 Rd1
21. Qe5 Rxe1+ 22. Rxe1 Qd7 23. Kh2 Qf7 24. Qd6 Qe7 25. Qe5 Qf7 26. Qd6 Qe7 27.
c4 Kf7 28. b3 Qxd6+ 29. cxd6 Bd7 30. Rxe8 Bxe8 31. Kg3 Ke6 32. Bf8 Ke5 33. Kh4
h6 34. Bxh6 Kxd6 35. Kg5 Ke6 36. f3 b6 37. g4 fxg4 38. fxg4 a5 39. Bg7 b5 40.
Bc3 a4 41. bxa4 bxa4 42. h4 Kf7 43. h5 gxh5 44. Kxh5 Kg8+ 45. Kh6 Bf7 46. a3
1/2-1/2

[Event "9 ème open de Salon de Provence - A"]
[Site "Salon de Provence"]
[Date "2017.07.07"]
[Round "5.8"]
[White "Got, Lionel"]
[Black "Goy, Wilfried"]
[Result "0-1"]
[WhiteElo "1717"]
[BlackElo "1930"]
[PlyCount "33"]
[EventDate "2017.??.??"]
[WhiteTeam "Club Provence Echecs"]
[BlackTeam "Marseille-Echecs"]

1. e4 e5 2. Nf3 Nc6 3. Bc4 Be7 4. c3 Nf6 5. Qe2 d6 6. Bb3 Bg4 7. d3 O-O 8. h3
Bh5 9. g4 Bg6 10. h4 h5 11. gxh5 Bxh5 12. Bg5 Qd7 13. Nbd2 a5 14. O-O-O b5 15.
Rdg1 Kh8 16. Qf1 a4 17. Bd1 0-1

[Event "9 ème open de Salon de Provence - A"]
[Site "Salon de Provence"]
[Date "2017.07.07"]
[Round "5.9"]
[White "Marazanof, Jean-Francois"]
[Black "Busson, Benoist"]
[Result "1-0"]
[WhiteElo "2002"]
[BlackElo "1898"]
[PlyCount "95"]
[EventDate "2017.??.??"]
[WhiteTeam "l'Echiquier de La Ville Montreuil"]
[BlackTeam "Salon Nostradamus"]

1. e4 Nc6 2. Nf3 e5 3. Bb5 Nd4 4. Ba4 Bc5 5. c3 Nxf3+ 6. Qxf3 Qf6 7. d3 c6 8.
Be3 Qxf3 9. gxf3 Bxe3 10. fxe3 Ne7 11. d4 d5 12. Nd2 f6 13. Rg1 O-O 14. Bb3 Kh8
15. O-O-O exd4 16. exd4 Be6 17. Rde1 Bg8 18. Bc2 Rac8 19. Nb3 b6 20. Kd2 Ng6
21. Nc1 Nf4 22. Rg4 g5 23. Nd3 Nxd3 24. Bxd3 h6 25. h4 dxe4 26. fxe4 h5 27. Rg2
g4 28. Rf2 Bh7 29. e5 Bxd3 30. Kxd3 Kh7 31. Ref1 g3 32. Rg2 fxe5 33. Rxf8 Rxf8
34. dxe5 Rg8 35. Ke4 Rg4+ 36. Kf5 Kg8 37. Kf6 Kf8 38. Ke6 Rg6+ 39. Kd7 c5 40.
e6 Rg7+ 41. Kd8 a5 42. Rxg3 Ra7 43. Rf3+ Kg7 44. e7 Ra8+ 45. Kd7 Ra7+ 46. Kd6
Ra8 47. Ke6 b5 48. Rd3 1-0

[Event "9 ème open de Salon de Provence - A"]
[Site "Salon de Provence"]
[Date "2017.07.07"]
[Round "5.10"]
[White "Boghossian, Hugo"]
[Black "Bohli, Adam"]
[Result "0-1"]
[WhiteElo "1588"]
[BlackElo "1866"]
[PlyCount "76"]
[EventDate "2017.??.??"]
[WhiteTeam "CE Vitrolles"]
[BlackTeam "L'Echiquier du Roy René"]

1. e4 Nf6 2. Nc3 d5 3. exd5 Nxd5 4. Bc4 Nxc3 5. Qf3 e6 6. Qxc3 Qg5 7. Qf3 Qc5
8. d3 Nc6 9. Bb3 Ne5 10. Qd1 Qc6 11. Nf3 Nxf3+ 12. Qxf3 Qxf3 13. gxf3 Bd6 14.
Rg1 g6 15. Rg2 Bd7 16. c3 Bc6 17. Ke2 h5 18. Bg5 h4 19. h3 Be7 20. Rag1 a5 21.
Bxe7 Kxe7 22. d4 a4 23. Bc2 Bd5 24. a3 Ra6 25. Rb1 Rb6 26. Bxa4 Ba2 27. Rc1 Ra8
28. Bd1 Rxb2+ 29. Rc2 Rxc2+ 30. Bxc2 Rxa3 31. Kd2 Bd5 32. Be4 Ra2+ 33. Ke3 Ra5
34. Rg4 g5 35. Rxg5 Kf6 36. Kf4 Ra3 37. Bxd5 exd5 38. Rg1 Rxc3 0-1

[Event "9 ème open de Salon de Provence - A"]
[Site "Salon de Provence"]
[Date "2017.07.07"]
[Round "5.11"]
[White "Madranges, Jean"]
[Black "Bregier, Gerard"]
[Result "1-0"]
[WhiteElo "1809"]
[BlackElo "1446"]
[PlyCount "63"]
[EventDate "2017.??.??"]
[WhiteTeam "Puy Ste Réparade"]
[BlackTeam "Salon Nostradamus"]

1. d4 b6 2. e4 Bb7 3. Bd3 e6 4. Nf3 c5 5. c3 Nf6 6. Qe2 Be7 7. O-O Nc6 8. a3
Na5 9. Nbd2 c4 10. Bc2 Qc7 11. Re1 d5 12. e5 Nd7 13. Nf1 Nb3 14. Rb1 Nxc1 15.
Rexc1 a5 16. N3d2 a4 17. f4 b5 18. f5 O-O-O 19. Qg4 Qb6 20. Qxg7 Rdf8 21. f6
Rhg8 22. Qh6 Bd8 23. Nf3 Bc7 24. Kh1 Nxe5 25. dxe5 Qf2 26. Qh3 d4 27. Ng3 Bxf3
28. gxf3 Bxe5 29. Be4 Bxg3 30. hxg3 Rxg3 31. Qf1 Rfg8 32. Qxf2 1-0